00599nam a22001697a 450000500170000000800410001708200200005824501300007826000570020830000110026565000140027665000100029065000180030094200060031895200900032499900150041420250122053757.0250122b |||||||| |||| 00| 0 eng d 2732a305.4bINT aEthic Identity and the Status of WomenbReport on International workshop held in Colombo, Sri Lanka September 9th - 11th 1984 aKandybInternational Centre for Ethnic Studiesc1985 a26 p., aEthnicity aWomen aWomen Studies cL 001040708LaWERCLbWERCLd2025-01-22l0o305.4 INTp732r2025-01-22w2025-01-22yL c5956d5956